[Event "SR 4. liga A21 2018/2019"]
[Site "?"]
[Date "2019.03.03"]
[Round "10.1"]
[White "Visvader, Kristof"]
[Black "Orvisky, Vladimir"]
[Result "0-1"]
[WhiteElo "1378"]
[BlackElo "1754"]
[PlyCount "78"]
[EventDate "2018.??.??"]
[WhiteTeam "Å K Å tefanov"]
[BlackTeam "Å K KÃºpele PieÅ¡Å¥any C"]

1. e4 Nf6 2. Nf3 Nxe4 3. d4 d5 4. Bd3 Nf6 5. Nc3 e6 6. Bg5 Be7 7. O-O Nbd7 8.
Re1 O-O 9. Qd2 c5 10. dxc5 Nxc5 11. Re2 Nxd3 12. Qxd3 Bd7 13. Ne5 Be8 14. Re3
h6 15. Bxf6 Bxf6 16. Ng4 Bg5 17. Ree1 a6 18. Ne5 Rc8 19. Nf3 Bf6 20. Nd2 Qc7
21. Ndb1 b5 22. a3 Bc6 23. Ra2 Bb7 24. Re2 Qc6 25. f3 Qc5+ 26. Kh1 Rc7 27. Nd1
Rfc8 28. b3 a5 29. Nf2 a4 30. b4 Qc4 31. Qxc4 Rxc4 32. Nd3 d4 33. Nc5 Bd5 34.
Nd2 R4xc5 35. bxc5 Bxa2 36. Ne4 Be7 37. c3 Bc4 38. Rb2 dxc3 39. Nxc3 Rxc5 0-1

[Event "SR 4. liga A21 2018/2019"]
[Site "?"]
[Date "2019.03.03"]
[Round "10.1"]
[White "Strapko, Tomas"]
[Black "Tomasovic, Pavol"]
[Result "1-0"]
[WhiteElo "1882"]
[BlackElo "1256"]
[PlyCount "47"]
[EventDate "2018.??.??"]
[WhiteTeam "Å K KÃºpele PieÅ¡Å¥any C"]
[BlackTeam "Å K Å tefanov"]

1. e4 d6 2. d4 Nf6 3. Nc3 g6 4. Nf3 Bg7 5. h3 O-O 6. Be3 Nbd7 7. e5 Ne8 8. Qd2
dxe5 9. dxe5 b6 10. O-O-O Bb7 11. Qxd7 Qxd7 12. Rxd7 e6 13. Be2 f6 14. Bc4 fxe5
15. Bxe6+ Kh8 16. Ng5 h6 17. Nf7+ Kh7 18. Nxe5 Nd6 19. Rxc7 Rfe8 20. Bb3 Bxg2
21. Rg1 Be4 22. Nxe4 Nf5 23. Nf6+ Kh8 24. Nf7# 1-0

[Event "SR 4. liga A21 2018/2019"]
[Site "?"]
[Date "2019.03.03"]
[Round "10.1"]
[White "Novomeska, Karin"]
[Black "Siska, Kristof"]
[Result "0-1"]
[WhiteElo "1306"]
[BlackElo "1785"]
[PlyCount "78"]
[EventDate "2018.??.??"]
[WhiteTeam "Å K Å tefanov"]
[BlackTeam "Å K KÃºpele PieÅ¡Å¥any C"]

1. d4 Nf6 2. c4 e6 3. Bg5 h6 4. Bh4 Be7 5. e3 c5 6. Nc3 O-O 7. Nf3 d5 8. cxd5
exd5 9. Be2 Nbd7 10. O-O b6 11. Qb3 Bb7 12. Rfd1 c4 13. Qc2 Rc8 14. Rac1 Ne4
15. Nxe4 dxe4 16. Bxe7 Qxe7 17. Nd2 Nf6 18. Qa4 a6 19. Qc2 b5 20. a4 Rfe8 21.
Qc3 b4 22. Qc2 c3 23. bxc3 Rxc3 24. Qb2 Rec8 25. Nc4 Nd5 26. Rxc3 Nxc3 27. Ra1
Qc7 28. Bf1 a5 29. h3 Ba6 30. Nd2 Bxf1 31. Nxf1 Qc4 32. Nd2 Qd3 33. Kh2 Ne2 34.
Nxe4 Rc2 35. Qb1 Qxe4 36. Ra2 b3 37. Qxb3 Rxa2 38. Qxa2 Qd3 39. Qb2 Qd1 0-1

[Event "SR 4. liga A21 2018/2019"]
[Site "?"]
[Date "2019.03.03"]
[Round "10.2"]
[White "Zlamal, Marek"]
[Black "Podjavorinsky, Michal"]
[Result "1/2-1/2"]
[WhiteElo "1862"]
[BlackElo "1908"]
[PlyCount "50"]
[EventDate "2018.??.??"]
[WhiteTeam "Å achovÃ½ klub HolÃ­Ä� B"]
[BlackTeam "ZÅ K VrbovÃ© A"]

1. e4 c5 2. c4 b6 3. Nc3 Bb7 4. Nf3 Nc6 5. d3 g6 6. Be2 Bg7 7. Be3 e6 8. Rb1
Nge7 9. d4 cxd4 10. Nxd4 O-O 11. O-O d5 12. Nxc6 Bxc6 13. exd5 exd5 14. cxd5
Nxd5 15. Nxd5 Qxd5 16. Qxd5 Bxd5 17. b3 Rac8 18. Rbc1 Bb2 19. Rxc8 Rxc8 20. Bd3
Kg7 21. Rb1 Be5 22. Rd1 Be6 23. f4 Bf6 24. Kf2 Rd8 25. h3 h5 1/2-1/2

[Event "SR 4. liga A21 2018/2019"]
[Site "?"]
[Date "2019.03.03"]
[Round "10.2"]
[White "Blatnicky, Miroslav"]
[Black "Stehlik, Jan"]
[Result "1-0"]
[WhiteElo "2104"]
[BlackElo "1616"]
[PlyCount "77"]
[EventDate "2018.??.??"]
[WhiteTeam "ZÅ K VrbovÃ© A"]
[BlackTeam "Å achovÃ½ klub HolÃ­Ä� B"]

1. e4 e5 2. Nf3 Nc6 3. Bb5 a6 4. Ba4 Nf6 5. O-O d6 6. Bxc6+ bxc6 7. d4 exd4 8.
Qxd4 Be7 9. e5 dxe5 10. Qxd8+ Bxd8 11. Nxe5 Bb7 12. Nc3 O-O 13. Nd3 Nd5 14. Ne4
Be7 15. c4 Nb6 16. b3 Rad8 17. Nec5 Bc8 18. Be3 Nd7 19. Nxd7 Bxd7 20. Rad1 Rfe8
21. Ne5 Bf5 22. Nxc6 Rxd1 23. Rxd1 f6 24. Bf4 Bd6 25. Bxd6 cxd6 26. h3 Bg6 27.
Rxd6 Re1+ 28. Kh2 Re2 29. a4 Rxf2 30. Ne7+ Kf7 31. Nxg6 Kxg6 32. Rxa6 Kg5 33.
Ra7 Kg6 34. b4 h5 35. a5 h4 36. a6 f5 37. Rd7 Ra2 38. b5 Rc2 39. a7 1-0

[Event "SR 4. liga A21 2018/2019"]
[Site "?"]
[Date "2019.03.03"]
[Round "10.2"]
[White "Holiencin, Filip"]
[Black "Miciak, Emanuel"]
[Result "0-1"]
[WhiteElo "1717"]
[BlackElo "1846"]
[PlyCount "64"]
[EventDate "2018.??.??"]
[WhiteTeam "Å achovÃ½ klub HolÃ­Ä� B"]
[BlackTeam "ZÅ K VrbovÃ© A"]

1. Nf3 Nf6 2. d4 d5 3. Bf4 Bf5 4. e3 e6 5. Bd3 Bxd3 6. Qxd3 Bd6 7. Bg3 O-O 8.
Nbd2 Nc6 9. c3 Ne7 10. Ne5 c5 11. O-O Nf5 12. dxc5 Nxg3 13. cxd6 Nxf1 14. Rxf1
Qxd6 15. f4 Rac8 16. g4 Qc7 17. Rf3 g6 18. Rh3 Nd7 19. Nef3 Qb6 20. Ng5 Nf6 21.
f5 exf5 22. gxf5 Rfe8 23. fxg6 hxg6 24. Nxf7 Kxf7 25. Rg3 Nh5 26. Qxd5+ Qe6 27.
Qxb7+ Re7 28. Qf3+ Ke8 29. Rh3 Rf7 30. Qd1 Qxh3 31. Qa4+ Kf8 32. Qd4 Kg8 0-1

[Event "SR 4. liga A21 2018/2019"]
[Site "?"]
[Date "2019.03.03"]
[Round "10.2"]
[White "Bjel, Jan"]
[Black "Benak, Peter"]
[Result "1-0"]
[WhiteElo "1830"]
[BlackElo "1627"]
[PlyCount "97"]
[EventDate "2018.??.??"]
[WhiteTeam "ZÅ K VrbovÃ© A"]
[BlackTeam "Å achovÃ½ klub HolÃ­Ä� B"]

1. e4 e5 2. Nf3 Nf6 3. Nc3 Nc6 4. Bb5 d6 5. h3 Bd7 6. O-O a6 7. Ba4 b5 8. Bb3
Na5 9. Re1 Be7 10. d4 Nxb3 11. axb3 exd4 12. Nxd4 O-O 13. Bg5 Re8 14. Qf3 h6
15. Bh4 b4 16. Na2 a5 17. Nf5 Bxf5 18. exf5 Nd5 19. Qxd5 Bxh4 20. Rxe8+ Qxe8
21. Nxb4 Bf6 22. Nd3 Rd8 23. Re1 Qd7 24. Qxa5 c5 25. g4 Re8 26. Rxe8+ Qxe8 27.
Qd2 Qe4 28. Qe3 Qc6 29. c3 Qd5 30. b4 c4 31. Ne1 Qd1 32. Kg2 Qb1 33. Qe2 d5 34.
Nf3 Kf8 35. Qd2 Qe4 36. Qe3 Qc2 37. Qc5+ Kg8 38. Qxd5 Qxb2 39. Qxc4 Bxc3 40. b5
Ba5 41. Qc6 Qb4 42. Ne5 f6 43. Qa8+ Qf8 44. Qxf8+ Kxf8 45. Nc4 Bc7 46. b6 Bb8
47. Na5 Ke8 48. Nc6 Bd6 49. b7 1-0

[Event "SR 4. liga A21 2018/2019"]
[Site "?"]
[Date "2019.03.03"]
[Round "10.2"]
[White "Stasek, Daniel"]
[Black "Jancovicova, Petra"]
[Result "1/2-1/2"]
[WhiteElo "1612"]
[BlackElo "1658"]
[PlyCount "61"]
[EventDate "2018.??.??"]
[WhiteTeam "Å achovÃ½ klub HolÃ­Ä� B"]
[BlackTeam "ZÅ K VrbovÃ© A"]

1. e4 c5 2. Nf3 d6 3. d4 cxd4 4. Nxd4 Nf6 5. Nc3 g6 6. Be2 Bg7 7. Be3 O-O 8.
O-O Nc6 9. Kh1 a6 10. a4 Bd7 11. Nb3 Qc8 12. a5 Ne5 13. f3 Nc4 14. Bc1 Nh5 15.
Bxc4 Bxc3 16. Bxf7+ Rxf7 17. bxc3 Qxc3 18. Rb1 Rc8 19. Bb2 Qxc2 20. Qd4 e5 21.
Qe3 Nf4 22. Nd2 Qd3 23. Qxd3 Nxd3 24. Ba3 Nc5 25. Nc4 Rc6 26. Bxc5 Rxc5 27.
Nxd6 Rf6 28. Rb6 Rxa5 29. Nxb7 Rxb6 30. Nxa5 Rb5 31. Ra1 1/2-1/2

[Event "SR 4. liga A21 2018/2019"]
[Site "?"]
[Date "2019.03.03"]
[Round "10.3"]
[White "Bartos, Bohumil"]
[Black "Diviak, Rudolf"]
[Result "1-0"]
[WhiteElo "1535"]
[BlackElo "1805"]
[PlyCount "77"]
[EventDate "2018.??.??"]
[WhiteTeam "Å K Skalica C"]
[BlackTeam "CVÄŒ Senica B"]

1. d4 d6 2. Bf4 Nf6 3. Nc3 g6 4. e4 Bg7 5. Qd2 c6 6. Be2 b5 7. a3 Qa5 8. b4 Qb6
9. Nf3 Bg4 10. Be3 Qc7 11. O-O Nbd7 12. h3 Bxf3 13. Bxf3 O-O 14. Rad1 Rfd8 15.
Qc1 a6 16. Bh6 Bh8 17. Ne2 a5 18. c3 Nb6 19. h4 Nc4 20. h5 axb4 21. hxg6 hxg6
22. axb4 Ra2 23. Qg5 Rda8 24. Nf4 Nh7 25. Qg4 e5 26. Ne2 Nd2 27. Rxd2 Nf6 28.
Qh3 Bg7 29. Rxa2 Rxa2 30. Bxg7 Kxg7 31. g3 c5 32. dxe5 dxe5 33. Kg2 cxb4 34.
Rh1 Kf8 35. cxb4 Qb6 36. Qc8+ Ke7 37. Rc1 Ra7 38. Qc5+ Qxc5 39. Rxc5 1-0

[Event "SR 4. liga A21 2018/2019"]
[Site "?"]
[Date "2019.03.03"]
[Round "10.3"]
[White "Hrdlicka, Martin"]
[Black "Danihel, Jozef"]
[Result "1-0"]
[WhiteElo "1511"]
[BlackElo "1546"]
[PlyCount "45"]
[EventDate "2018.??.??"]
[WhiteTeam "CVÄŒ Senica B"]
[BlackTeam "Å K Skalica C"]

1. e4 d5 2. exd5 Nf6 3. Bc4 Nxd5 4. Nf3 e6 5. O-O Be7 6. d4 O-O 7. Re1 c6 8.
Nbd2 Nd7 9. Ne4 N7f6 10. c3 Nxe4 11. Rxe4 Nf6 12. Re1 b5 13. Bb3 Qd6 14. Ne5
Bb7 15. Qf3 Qc7 16. Bh6 Bd6 17. Qg3 Ne8 18. Bc2 f6 19. Qh3 f5 20. Bg5 Bxe5 21.
dxe5 g6 22. Rad1 Rd8 23. Bxd8 1-0

[Event "SR 4. liga A21 2018/2019"]
[Site "?"]
[Date "2019.03.03"]
[Round "10.3"]
[White "Romanova, Ela"]
[Black "Drozd, Jan"]
[Result "1/2-1/2"]
[WhiteElo "1336"]
[BlackElo "1512"]
[PlyCount "80"]
[EventDate "2018.??.??"]
[WhiteTeam "Å K Skalica C"]
[BlackTeam "CVÄŒ Senica B"]

1. e4 e6 2. d4 d5 3. Nc3 Bb4 4. exd5 exd5 5. Bd3 Nf6 6. Nf3 Bg4 7. Bg5 O-O 8.
O-O h6 9. Bxf6 gxf6 10. Re1 Nc6 11. Be2 Qd7 12. Qd2 Kg7 13. Qf4 Bd6 14. Qd2 Ne7
15. Nh4 Bxe2 16. Qxe2 Ng6 17. Nxg6 fxg6 18. Qf3 c6 19. Ne2 Rae8 20. Nf4 Bxf4
21. Qxf4 Rf7 22. Re3 Rxe3 23. Qxe3 Re7 24. Qd2 Qe6 25. Kf1 Qf5 26. Qb4 Qe4 27.
Re1 Qxe1+ 28. Qxe1 Rxe1+ 29. Kxe1 f5 30. h4 Kf6 31. Ke2 g5 32. hxg5+ hxg5 33.
Kd3 b5 34. b3 f4 35. Ke2 g4 36. f3 Kf5 37. Kf2 g3+ 38. Ke2 a5 39. Kd3 Ke6 40.
c4 Kd6 1/2-1/2

[Event "SR 4. liga A21 2018/2019"]
[Site "?"]
[Date "2019.03.03"]
[Round "10.3"]
[White "Kaufman, Robert"]
[Black "Dubanova, Kristina"]
[Result "1-0"]
[WhiteElo "1367"]
[BlackElo "1075"]
[PlyCount "73"]
[EventDate "2018.??.??"]
[WhiteTeam "CVÄŒ Senica B"]
[BlackTeam "Å K Skalica C"]

1. e4 e5 2. Nf3 Nc6 3. Bc4 Bc5 4. d3 Nf6 5. Bg5 d6 6. O-O Bg4 7. c3 a6 8. Nbd2
O-O 9. b4 Ba7 10. Qb3 Qe7 11. Nh4 Kh8 12. Nf5 Bxf5 13. exf5 h6 14. Bh4 g5 15.
fxg6 fxg6 16. Rae1 g5 17. Bg3 Qd7 18. Be6 Qe7 19. Nf3 Nd8 20. Bf5 Nf7 21. Nd4
Bxd4 22. cxd4 c6 23. Bg6 Nd7 24. Bxf7 Rxf7 25. dxe5 dxe5 26. d4 Rf5 27. Qc3 Rd8
28. f4 e4 29. d5+ Kg8 30. d6 Qxd6 31. fxg5 Qg6 32. gxh6 Nf6 33. Rxf5 Qxf5 34.
Rf1 Qd7 35. Qxf6 e3 36. Be5 e2 37. Qh8# 1-0

[Event "SR 4. liga A21 2018/2019"]
[Site "?"]
[Date "2019.03.03"]
[Round "10.4"]
[White "Pericka, Pavol"]
[Black "Kanka, Tomas"]
[Result "1-0"]
[WhiteElo "1806"]
[BlackElo "1720"]
[PlyCount "79"]
[EventDate "2018.??.??"]
[WhiteTeam "CVÈ Brezová pod Bradlom"]
[BlackTeam "ŠK Nafta Gbely C"]

1. e4 c5 2. Bc4 e6 3. Qe2 Nc6 4. Nf3 a6 5. a4 g6 6. Nc3 Bg7 7. Nd5 Nd4 8. Nxd4
cxd4 9. Nf4 Ne7 10. d3 O-O 11. O-O b6 12. Bd2 Bb7 13. Bb3 Rc8 14. Nh3 Qc7 15.
f4 Qc5 16. Qe1 Nc6 17. Bc4 Rfe8 18. b4 Qe7 19. b5 Nb8 20. Bb4 Qd8 21. Bd6 a5
22. Ng5 h6 23. Nf3 Rxc4 24. dxc4 Qc8 25. Qe2 d3 26. cxd3 Bxa1 27. Rxa1 Qd8 28.
Rf1 Qf6 29. Ne5 Rc8 30. Qe3 Qd8 31. f5 exf5 32. exf5 g5 33. f6 Rc5 34. Rf5 Rxe5
35. Qxe5 Kh8 36. Bxb8 d5 37. Bc7 Qc8 38. Qe7 Qe6 39. Qf8+ Kh7 40. Qg7# 1-0

[Event "SR 4. liga A21 2018/2019"]
[Site "?"]
[Date "2019.03.03"]
[Round "10.4"]
[White "Mraz, Jan"]
[Black "Sadlon, Matus"]
[Result "1-0"]
[WhiteElo "1655"]
[BlackElo "1714"]
[PlyCount "109"]
[EventDate "2018.??.??"]
[WhiteTeam "ŠK Nafta Gbely C"]
[BlackTeam "CVÈ Brezová pod Bradlom"]

1. d4 Nf6 2. c4 g6 3. Nc3 d5 4. e3 c6 5. Bd2 Bf5 6. Rc1 Bg7 7. cxd5 cxd5 8.
Bb5+ Nc6 9. Qa4 Bd7 10. Nce2 O-O 11. Nf3 a6 12. Bxc6 Bxc6 13. Qa3 Rc8 14. O-O
Ne4 15. Bb4 Re8 16. Ng3 Bb5 17. Rfd1 b6 18. Nxe4 dxe4 19. Ne5 Bxe5 20. dxe5
Rxc1 21. Rxc1 Qd7 22. Qc3 Rd8 23. h3 a5 24. Ba3 Ba6 25. b3 Rc8 26. Qd4 Rxc1+
27. Bxc1 Qb5 28. Bb2 Qf1+ 29. Kh2 Qxf2 30. e6 f6 31. Qd8+ Kg7 32. Qxe7+ Kh6 33.
Qf8+ Kh5 34. Qxf6 Qxf6 35. Bxf6 Bc8 36. e7 Bd7 37. g4+ Kh6 38. g5+ Kh5 39. Kg3
a4 40. bxa4 Bxa4 41. Kf4 Bc6 42. Ke5 Kh4 43. Ke6 Be8 44. Kd6 Kg3 45. Kc7 b5 46.
Kd8 Bc6 47. e8=Q Bxe8 48. Kxe8 Kf3 49. Bd4 Kg3 50. Kf7 Kxh3 51. Kg7 Kg4 52. Kh6
Kf5 53. Bf6 Ke6 54. Kxh7 Kf7 55. a3 1-0

[Event "SR 4. liga A21 2018/2019"]
[Site "?"]
[Date "2019.03.03"]
[Round "10.4"]
[White "Dest, Stanislav"]
[Black "Papanek, Lubomir"]
[Result "1-0"]
[WhiteElo "1510"]
[BlackElo "1593"]
[PlyCount "55"]
[EventDate "2018.??.??"]
[WhiteTeam "CVÈ Brezová pod Bradlom"]
[BlackTeam "ŠK Nafta Gbely C"]

1. d4 Nf6 2. c4 g6 3. Nc3 Bg7 4. Nf3 d5 5. e3 c6 6. Bd3 Bg4 7. h3 Bxf3 8. Qxf3
O-O 9. O-O Re8 10. Re1 e6 11. Bd2 Nbd7 12. Rab1 dxc4 13. Bxc4 Nb6 14. Bb3 Nfd5
15. Ne4 Nd7 16. Nd6 Re7 17. Nxb7 Qc7 18. Na5 f5 19. Rec1 Nb8 20. Ba4 f4 21.
Nxc6 Rf7 22. e4 Ne7 23. Ne5 Qd6 24. Nxf7 Kxf7 25. Bxf4 Qa6 26. Bg5+ Kg8 27.
Bxe7 Qxa4 28. Rc8+ 1-0

[Event "SR 4. liga A21 2018/2019"]
[Site "?"]
[Date "2019.03.03"]
[Round "10.4"]
[White "Hyza, Richard"]
[Black "Brath, Zdeno"]
[Result "0-1"]
[WhiteElo "1223"]
[BlackElo "1518"]
[PlyCount "64"]
[EventDate "2018.??.??"]
[WhiteTeam "ŠK Nafta Gbely C"]
[BlackTeam "CVÈ Brezová pod Bradlom"]

1. f4 d6 2. Nf3 Nc6 3. e3 Nf6 4. Nc3 Bg4 5. Be2 e5 6. fxe5 dxe5 7. O-O e4 8.
Nd4 Ne5 9. b3 a6 10. Bxg4 Nexg4 11. Nxe4 Nxe4 12. Qxg4 Nf6 13. Qf3 c6 14. Bb2
Be7 15. Nxc6 bxc6 16. Qxc6+ Kf8 17. d4 Nd5 18. e4 Nb4 19. Qc4 Qe8 20. c3 Nc2
21. Rae1 Nxe1 22. Rxe1 h5 23. Rf1 Rh6 24. e5 Kg8 25. d5 Rc8 26. Qd3 Bc5+ 27.
Kh1 Qxe5 28. Bc1 Rf6 29. Rxf6 Qxf6 30. Qf3 Re8 31. h3 Re1+ 32. Kh2 Bd6+ 0-1

[Event "SR 4. liga A21 2018/2019"]
[Site "?"]
[Date "2019.03.03"]
[Round "10.4"]
[White "Svarc, Vaclav"]
[Black "Ralbovsky, Dominik"]
[Result "0-1"]
[WhiteElo "1178"]
[BlackElo "1124"]
[PlyCount "68"]
[EventDate "2018.??.??"]
[WhiteTeam "CVÈ Brezová pod Bradlom"]
[BlackTeam "ŠK Nafta Gbely C"]

1. e4 e6 2. d4 c5 3. c3 cxd4 4. cxd4 Bb4+ 5. Nc3 Nf6 6. Bd3 Qa5 7. Bd2 Nc6 8.
a3 Bxc3 9. Bxc3 Qg5 10. e5 Qxg2 11. Qf3 Qxf3 12. Nxf3 Nd5 13. Rg1 g6 14. O-O-O
O-O 15. Kb1 f6 16. Bd2 fxe5 17. Nxe5 Nxe5 18. dxe5 b6 19. f4 Bb7 20. Rdf1 Kh8
21. Be4 Nc3+ 22. Bxc3 Bxe4+ 23. Ka1 Rf5 24. Ka2 Rc8 25. Kb3 Bd5+ 26. Kc2 Rc4
27. Rg4 Rxe5 28. f5 Rxg4 29. fxe6 Bxe6 30. Rf8+ Kg7 31. Ra8 Rc4 32. b3 Rxc3+
33. Kxc3 a5 34. b4 Re3+ 0-1

[Event "SR 4. liga A21 2018/2019"]
[Site "?"]
[Date "2019.03.03"]
[Round "10.5"]
[White "Jakubec, Milan"]
[Black "Cerovsky, Marian"]
[Result "1-0"]
[WhiteElo "1992"]
[BlackElo "1789"]
[PlyCount "127"]
[EventDate "2018.??.??"]
[WhiteTeam "ZÅ K VrbovÃ© B"]
[BlackTeam "Å O KopÄ�any"]

1. e4 e5 2. Nf3 Nc6 3. Bc4 Bc5 4. c3 d6 5. d4 exd4 6. cxd4 Bb6 7. h3 h6 8. O-O
Nge7 9. Nc3 O-O 10. Na4 Bd7 11. Nxb6 axb6 12. a3 Ng6 13. Re1 Nh4 14. Be3 Nxf3+
15. Qxf3 Qh4 16. Rac1 Rac8 17. Rcd1 Rce8 18. Bf4 Ne7 19. Bg3 Qg5 20. e5 d5 21.
Bf4 Qg6 22. Bf1 Bf5 23. Kh2 Be4 24. Qe2 c6 25. f3 Bf5 26. g4 Bc8 27. Qe3 Qe6
28. Bg2 Ng6 29. Bg3 f5 30. Qd2 Rf7 31. Rg1 Ref8 32. Qb4 b5 33. Rd2 fxg4 34.
fxg4 Nf4 35. Bxf4 Rxf4 36. Qc3 Qe7 37. Qg3 Qg5 $11 38. Rgd1 h5 39. gxh5 Qxh5
40. Re1 Be6 41. Re3 Rg4 42. Qe1 Qh6 43. Ree2 Rh4 44. Qg3 Rg4 45. Qe3 Qxe3 46.
Rxe3 Rgf4 47. Kg3 Kh7 48. Rf3 Rxf3+ 49. Bxf3 Kg6 50. h4 Kh6 51. Bg4 Re8 52. Rf2
Bxg4 53. Kxg4 Re7 54. Rf8 g6 55. Rf6 Kh7 56. Kg5 c5 57. Rd6 cxd4 58. Kf6 Rc7
59. e6 Rc2 60. Rxd5 Rxb2 61. e7 Rf2+ 62. Ke6 Re2+ 63. Kd7 Kh6 64. e8=Q 1-0

[Event "SR 4. liga A21 2018/2019"]
[Site "?"]
[Date "2019.03.03"]
[Round "10.5"]
[White "Moravec, Milan"]
[Black "Lajda, Dusan"]
[Result "1/2-1/2"]
[WhiteElo "1618"]
[BlackElo "1768"]
[PlyCount "61"]
[EventDate "2018.??.??"]
[WhiteTeam "Å O KopÄ�any"]
[BlackTeam "ZÅ K VrbovÃ© B"]

1. d4 d5 2. c4 c6 3. Nf3 Nf6 4. Nc3 e6 5. e3 Nbd7 6. Bd3 dxc4 7. Bxc4 b5 8. Bd3
Bb7 9. O-O a6 10. Ne4 c5 11. Nxf6+ Nxf6 12. dxc5 Bxc5 13. Be2 O-O 14. Ne5 Qc7
15. Nd3 Bd6 16. h3 Rfd8 17. Bd2 Ne4 18. Rc1 Qe7 19. Ba5 Rd7 20. Bf3 Nc5 21.
Bxb7 Nxb7 22. Bb6 Re8 23. Qe2 e5 24. e4 Nd8 25. Bxd8 Rexd8 26. Rfd1 Qe6 27. b3
Bf8 28. Kf1 f6 29. Nb2 Rd4 30. Rxd4 Rxd4 31. Rd1 1/2-1/2

[Event "SR 4. liga A21 2018/2019"]
[Site "?"]
[Date "2019.03.03"]
[Round "10.5"]
[White "Lanyi, Frantisek"]
[Black "Damborsky, Pavol"]
[Result "1-0"]
[WhiteElo "1664"]
[BlackElo "1594"]
[PlyCount "87"]
[EventDate "2018.??.??"]
[WhiteTeam "ZÅ K VrbovÃ© B"]
[BlackTeam "Å O KopÄ�any"]

1. d4 d5 2. c4 dxc4 3. e4 e6 4. Bxc4 Bb4+ 5. Nc3 Bxc3+ 6. bxc3 Ne7 7. f4 c6 8.
Nf3 h6 9. O-O O-O 10. Ba3 Re8 11. Qc2 b5 12. Bd3 Nd7 13. Rad1 Qc7 14. Bxe7 Rxe7
15. e5 Nf8 16. g4 g6 17. f5 exf5 18. gxf5 g5 19. Qg2 Kh8 20. Qh3 f6 21. Qxh6+
Kg8 22. Qxf6 Rf7 23. Qd6 Qxd6 24. exd6 Bxf5 25. Ne5 Be6 26. Nxf7 Bxf7 27. Rde1
Rd8 28. Re7 Bd5 29. Rf6 Bxa2 30. Rxa7 Bd5 31. Rh6 g4 32. Bf5 Bf3 33. Kf2 Rc8
34. d7 Rd8 35. Rc7 Kg7 36. Rd6 Kf7 37. Kg3 Ke7 38. Rh6 Be2 39. Rcxc6 Bc4 40.
Rc8 Nxd7 41. Rxd8 Kxd8 42. Rd6 Ke7 43. Rxd7+ Kf6 44. Bxg4 1-0

[Event "SR 4. liga A21 2018/2019"]
[Site "?"]
[Date "2019.03.03"]
[Round "10.5"]
[White "Dubecky, Ladislav"]
[Black "Madzo, Anton"]
[Result "1-0"]
[WhiteElo "1580"]
[BlackElo "1481"]
[PlyCount "91"]
[EventDate "2018.??.??"]
[WhiteTeam "Å O KopÄ�any"]
[BlackTeam "ZÅ K VrbovÃ© B"]

1. e4 Nf6 2. Nc3 d6 3. f4 e5 4. Nf3 Bg4 5. Bc4 Be7 6. fxe5 dxe5 7. Bxf7+ Kf8 8.
Bb3 Nbd7 9. O-O Bh5 10. Qe2 Nc5 11. Qc4 Nxb3 12. Qxb3 Bxf3 13. Rxf3 c6 14. Qxb7
Qb6+ 15. Qxb6 axb6 16. d3 Kf7 17. Be3 b5 18. g4 Ke6 19. h3 h6 20. Kg2 Raf8 21.
a4 Ra8 22. a5 Bb4 23. Bb6 Bxc3 24. bxc3 Nd7 25. Be3 Rhf8 26. a6 Kd6 27. d4 c5
28. d5 Rxf3 29. Kxf3 Kc7 30. h4 Kb6 31. h5 Rf8+ 32. Kg3 Ka7 33. Ra5 Kb6 34. Ra1
Ka7 35. g5 hxg5 36. Bxg5 Nf6 37. Bxf6 Rxf6 38. Kg4 Rh6 39. Ra5 g6 40. hxg6
Rxg6+ 41. Kf5 Rg2 42. Ra2 Rg3 43. Kxe5 Rxc3 44. d6 Rc4 45. Kd5 Rd4+ 46. Kxc5
1-0

[Event "SR 4. liga A21 2018/2019"]
[Site "?"]
[Date "2019.03.03"]
[Round "10.5"]
[White "Krchnak, Rudolf"]
[Black "Pisecky, Jan"]
[Result "0-1"]
[WhiteElo "1664"]
[BlackElo "1331"]
[PlyCount "72"]
[EventDate "2018.??.??"]
[WhiteTeam "ZÅ K VrbovÃ© B"]
[BlackTeam "Å O KopÄ�any"]

1. d4 e6 2. Nf3 c6 3. e3 Nf6 4. Bd3 d5 5. Nbd2 Nbd7 6. O-O Bd6 7. Re1 e5 8. e4
O-O 9. dxe5 Nxe5 10. Nxe5 Bxe5 11. exd5 Bxh2+ 12. Kxh2 Ng4+ 13. Kg1 Qh4 14. Nf3
Qxf2+ 15. Kh1 Qg3 16. Be3 Re8 17. Qd2 Re5 18. Re2 Rh5+ 19. Kg1 Nh2 20. Be4 g5
21. Bf2 Nxf3+ 22. Bxf3 Qh2+ 23. Kf1 Qh1+ 24. Bg1 g4 25. Re8+ Kg7 26. Qd4+ f6
27. Be4 Kf7 28. Re1 b6 29. c4 c5 30. Bg6+ Kxg6 31. Qe3 Rf5+ 32. Ke2 Qxg2+ 33.
Bf2 Qf3+ 34. Qxf3 gxf3+ 35. Kd2 Bb7 36. Rxa8 Bxa8 {biely prekrocil cas} 0-1

[Event "SR 4. liga A21 2018/2019"]
[Site "?"]
[Date "2019.03.03"]
[Round "10.6"]
[White "Curidlo, Jan"]
[Black "Vagovic, Milan"]
[Result "1/2-1/2"]
[WhiteElo "1812"]
[BlackElo "1710"]
[PlyCount "71"]
[EventDate "2018.??.??"]
[WhiteTeam "Å K KÃºpele PieÅ¡Å¥any B"]
[BlackTeam "Å K KamenÃ¡r Chtelnica"]

1. Nf3 Nf6 2. c4 c5 3. Nc3 Nc6 4. g3 e6 5. Bg2 g6 6. d3 Bg7 7. O-O O-O 8. Bg5
h6 9. Bf4 a6 10. Bd6 Re8 11. Bxc5 d6 12. Be3 Ng4 13. Bd2 Qc7 14. a3 b6 15. Rc1
Bb7 16. e3 Rac8 17. d4 Qb8 18. Qb3 Na5 19. Qxb6 Nxc4 20. Qb3 Qa8 21. e4 Bxd4
22. Be1 Bxc3 23. Rxc3 Nge5 24. Nd2 Nxd2 25. Bxd2 Rxc3 26. Qxc3 Kh7 27. Qd4 Rd8
28. Rc1 Rd7 29. Bc3 f5 30. f3 fxe4 31. fxe4 Ng4 32. Re1 e5 33. Qb6 Qd8 34. Qxd8
Rxd8 35. Ba5 Rd7 36. Bh3 1/2-1/2

[Event "SR 4. liga A21 2018/2019"]
[Site "?"]
[Date "2019.03.03"]
[Round "10.6"]
[White "Piestansky, Jan"]
[Black "Sedlak, Rastislav"]
[Result "1-0"]
[WhiteElo "1624"]
[BlackElo "1645"]
[PlyCount "93"]
[EventDate "2018.??.??"]
[WhiteTeam "Å K KamenÃ¡r Chtelnica"]
[BlackTeam "Å K KÃºpele PieÅ¡Å¥any B"]

1. e4 e5 2. Nf3 Nc6 3. Bc4 Nf6 4. d3 Bc5 5. h3 O-O 6. c3 Bb6 7. Bb3 h6 8. O-O
d6 9. Nbd2 a6 10. Kh2 Re8 11. Nc4 Ba7 12. Ne3 Be6 13. Nd5 Na5 14. Nxf6+ Qxf6
15. Bc2 c5 16. c4 Nc6 17. a3 b5 18. b3 bxc4 19. bxc4 Qe7 20. Bd2 f5 21. Ba4 Qc7
22. Qe2 Red8 23. Rab1 Bb6 24. Rb2 Ba5 25. exf5 Bxf5 26. Rfb1 Bxd2 27. Qxd2 Rab8
28. Bxc6 Rxb2 29. Bd5+ Kh8 30. Rxb2 Rb8 31. Rxb8+ Qxb8 32. Qc2 g5 33. Nd2 Qb6
34. Ne4 Bxe4 35. Bxe4 a5 36. Qa4 Qd8 37. Qc6 Qf8 38. Kg1 Qf4 39. Qe8+ Kg7 40.
Qe7+ Kg8 41. g3 Qc1+ 42. Kg2 Qxa3 43. Qh7+ Kf8 44. Qxh6+ Ke7 45. Qxg5+ Kd7 46.
Qg7+ Kd8 47. Bc6 1-0

[Event "SR 4. liga A21 2018/2019"]
[Site "?"]
[Date "2019.03.03"]
[Round "10.6"]
[White "Oravec, Pavol"]
[Black "Pripko, Bystrik"]
[Result "1-0"]
[WhiteElo "1783"]
[BlackElo "1640"]
[PlyCount "99"]
[EventDate "2018.??.??"]
[WhiteTeam "Å K KÃºpele PieÅ¡Å¥any B"]
[BlackTeam "Å K KamenÃ¡r Chtelnica"]

1. d4 d5 2. Nf3 Nf6 3. Bf4 e6 4. e3 Bd6 5. Bxd6 Qxd6 6. c4 Qb4+ 7. Qd2 Qxd2+ 8.
Nbxd2 dxc4 9. Nxc4 Nc6 10. Bd3 Nb4 11. Bb1 O-O 12. O-O Bd7 13. a3 Nbd5 14. Nce5
Be8 15. Bd3 h6 16. Rac1 c6 17. Rfd1 Nd7 18. Nc4 N7b6 19. Nd6 Na4 20. Rd2 Rb8
21. Ne5 Nab6 22. g3 Nf6 23. Rdc2 Nfd7 24. Nec4 Nxc4 25. Bxc4 Nb6 26. Bb3 Bd7
27. e4 Nc8 28. Nc4 Ne7 29. Ne5 Rbd8 30. f4 Bc8 31. Nf3 Kh8 32. Kf2 Kg8 33. Ke3
Kh7 34. Rd2 b6 35. Ne5 Bb7 36. g4 g6 37. f5 gxf5 38. gxf5 exf5 39. Nxf7 Rd7 40.
Be6 f4+ 41. Kf2 Rc7 42. d5 Ng6 43. d6 Rcxf7 44. Bxf7 Rxf7 45. d7 Rf8 46. d8=Q
Rxd8 47. Rxd8 Ba6 48. Rd7+ Kg8 49. Rg1 Kf8 50. Rxg6 1-0